Top 100 des plus grandes villes des États-Unis - Statistiques

Statistiques générales
  • Ce quiz a été pris 531 fois
  • Le résultat moyen est 38 sur 100
Statistiques - réponses
Population Villes % Correct
8 258 035 New York
99%
3 820 914 Los Angeles
98%
2 664 452 Chicago
94%
455 924 Miami
92%
808 988 San Francisco
90%
653 833 Boston
88%
678 972 Washington
87%
2 314 157 Houston
84%
1 302 868 Dallas
83%
660 929 Las Vegas
83%
755 078 Seattle
83%
633 218 Détroit
81%
716 577 Denver
80%
510 823 Atlanta
79%
1 550 542 Philadelphie
79%
1 388 320 San Diego
77%
1 650 070 Phoenix
73%
1 495 295 San Antonio
70%
979 882 Austin
68%
364 136 La Nouvelle-Orléans
68%
320 742 Orlando
65%
630 498 Portland
65%
879 293 Indianapolis
63%
526 384 Sacramento
63%
510 704 Kansas City
61%
425 115 Minneapolis
61%
911 311 Charlotte
60%
985 843 Jacksonville
60%
702 767 Oklahoma City
60%
618 639 Memphis
58%
281 754 St. Louis
58%
969 655 San José
55%
565 239 Baltimore
53%
362 656 Cleveland
53%
561 385 Milwaukee
53%
403 364 Tampa
52%
678 958 El Paso
49%
560 274 Albuquerque
48%
311 097 Cincinnati
42%
303 255 Pittsburgh
40%
913 175 Columbus
39%
274 678 Buffalo
36%
482 295 Raleigh
36%
978 468 Fort Worth
35%
547 239 Tucson
33%
229 247 Richmond
32%
286 075 Anchorage
28%
436 504 Oakland
27%
483 335 Omaha
27%
411 894 Tulsa
27%
304 960 Newark
26%
453 649 Virginia Beach
26%
545 716 Fresno
25%
274 915 Reno
25%
303 820 Saint Paul
25%
488 664 Colorado Springs
23%
449 468 Long Beach
23%
340 512 Anaheim
22%
235 421 Boise
21%
316 595 Corpus Christi
20%
291 657 Jersey City
20%
294 757 Lincoln
20%
280 305 Madison
20%
396 119 Wichita
20%
230 930 Norfolk
18%
310 539 Santa Ana
17%
413 381 Bakersfield
16%
398 431 Arlington
15%
320 154 Lexington
15%
511 648 Mesa
15%
263 553 St. Petersburg
14%
395 052 Aurora
13%
269 994 Fort Wayne
13%
302 296 Greensboro
13%
296 186 Durham
12%
284 771 North Las Vegas
12%
319 543 Stockton
12%
265 304 Toledo
12%
253 855 Glendale
11%
314 621 Irvine
11%
318 858 Riverside
11%
229 447 Spokane
11%
253 886 Chesapeake
10%
274 333 Chula Vista
10%
225 564 Huntsville
10%
226 208 Fremont
9%
275 411 Gilbert
9%
337 305 Henderson
9%
254 373 Irving
9%
257 602 Laredo
9%
266 878 Lubbock
9%
290 190 Plano
9%
252 975 Winston-Salem
9%
280 167 Chandler
8%
244 394 Scottsdale
8%
243 470 Garland
7%
245 021 Port Sainte-Lucie
6%
687 788 Nashville-Davidson
5%
318 181 Santo Domingo
5%
341 778 Urban Honolulu
5%
Aucun quiz correspondant
Distribution des résultats
% des personnes avec chaque résultat
Percentile par nombre de réponses
Votre historique - résultats
Vous n’avez pas pris ce quiz